ბათუმის შოთა რუსთაველის სახელმწიფო უნივერსიტეტის ბიბლიოთეკა

ხალხური ავეჯი აღმოსავლეთ საქართველოს მთიანეთში : (ბიბ.ჩანაწერი № 38118)

000 -ლიდერი
ფიქსირებული სიგრძის საკონტროლო ველი 01209nam a2200229Ia 4500
001 - საკონტროლო ნომერი
საკონტროლო ველი 4106
003 - საკონტროლო ნომრის იდენტიფიკატორი
საკონტროლო ველი GE_BSU
005 - ბოლო ოპერაციის თარიღი და დრო
საკონტროლო ველი 20190919151657.0
008 - ფიქსირებული სიგრძის მონაცემთა ელემენტები - ზოგადი ინფორმაცია
ფიქსირებული სიგრძის საკონტროლო ველი 181216s||||||||xx |||||||||||||| ||und||
040 ## - კატალოგიზაციის წყარო
Transcribing agency GE_BSU
041 ## - ენის კოდი
Language code of text/sound track or separate title geo
080 ## - უნივერსალური ათობითი კლასიფიკაციის ინდექსი
Universal Decimal Classification number 392(=353.1)+684(479.22)(09)+749(479.22)(09) ბ-40
100 ## - მთავარი ჩანაწერი - პიროვნების სახელი
Personal name ბედუკიძე, ლ.
9 (RLIN) 4126
245 ## - ცნობა სათაურის შესახებ
Title ხალხური ავეჯი აღმოსავლეთ საქართველოს მთიანეთში :
Remainder of title ეთნოგრაფიული მასალების მიხედვით /
Statement of responsibility, etc ლ. ბედუკიძე; რედ.მ. ჩართოლანი.
264 ## - წარმოების, გამოცემის, დისტრიბუციის და სხვა ცნობები
გამოცემის, წარმოების, დისტრიბუციის... ადგილი თბ. :
გამოცემის, წარმოების, დისტრიბუციის... სახელწოდება მეცნიერება,
გამოცემის, წარმოების, დისტრიბუციის... თარიღი 1973.
300 ## - ფიზიკური აღწერა
Extent 147გვ. ;
Other physical details ილ. ტაბ.
Dimensions 21 სმ.
653 ## - INDEX TERM--UNCONTROLLED
Uncontrolled term ქართული ხალხური ავეჯი
653 ## - INDEX TERM--UNCONTROLLED
Uncontrolled term ქართველების ეთნოგრაფია
700 ## - ADDED ENTRY--PERSONAL NAME
Personal name ჩართოლანი, მ.
Relator term რედაქტორი
9 (RLIN) 4127
710 ## - ADDED ENTRY--CORPORATE NAME
Corporate name or jurisdiction name as entry element აკად. ს. ჯანაშიას სახ. საქართველოს სახელმწ. მუზეუმი.
9 (RLIN) 4128
942 ## - ADDED ENTRY ELEMENTS (KOHA)
Koha item type წიგნი
Source of classification or shelving scheme
ეგზემპლარები
ჩამოწერის სტატუსი დაკარგული ეგზემპლარის სტატუსი კლასიფიკაციის წყარო ან თაროზე გაწყობის სქემა დაზიანების სტატუსი არ გაიცემა მუდმივი მდებარეობა (დაცვის ადგილი) ამჟამინდელი ადგილსამყოფელი თაროზე განთავსების ადგილი შეძენის თარიღი ღირებულება, შესყიდვის ნორმალური ფასი სრული შენახვის შიფრი შტრიხკოდი ბოლო ოპერაციის თარიღი ეგზემპლარის მიმდევრობითი ნომერი (კეტერი?) ფასის ძალაში შესვლის თარიღი ეგზემპლარის სახეობა საჯარო შენიშვნა
          ბათუმის შოთა რუსთაველის სახელმწიფო უნივერსიტეტის მთავარი ბიბლიოთეკა ბათუმის შოთა რუსთაველის სახელმწიფო უნივერსიტეტის მთავარი ბიბლიოთეკა წიგნსაცავი 2018-12-17 1.00 392(=353.1)+684(479.22)(09)+749(479.22)(09) ბ-40 5704 2018-12-17 5704 2018-12-17 წიგნი 1 ლ.